Краткий биографический словарь композиторов

Bibliografiska uppgifter
Huvudupphovsman: Вайнкоп Ю.
Övriga upphovsmän: Гусин И. (редактор), Белецкий И. В.
Språk:ryska
Publicerad: Ленинград, Музыка, 1987
Upplaga:8-е изд.
Ämnen:
Materialtyp: MixedMaterials Bok
KOHA link:https://koha.lib.tpu.ru/cgi-bin/koha/opac-detail.pl?biblionumber=92481

MARC

LEADER 00000nam0a2200000 4500
001 92481
005 20231031104658.0
035 |a (RuTPU)RU\TPU\book\99085 
090 |a 92481 
100 |a 20060314d1987 m y0rusy50 ca 
101 0 |a rus 
102 |a RU 
105 |a y e 000zy 
200 1 |a Краткий биографический словарь композиторов  |f Ю. Вайнкоп, И. Гусин  |g под ред. И. В. Белецкого 
205 |a 8-е изд. 
210 |a Ленинград  |c Музыка  |d 1987 
215 |a 200 с. 
610 1 |a словари 
610 1 |a культура 
610 1 |a музыка 
610 1 |a композиторы 
610 1 |a биографии 
675 |a 78  |v 3 
700 1 |a Вайнкоп  |b Ю. 
701 1 |a Гусин  |b И. 
702 1 |a Белецкий  |b И. В.  |4 340 
801 1 |a RU  |b 63413507  |c 20060314  |g PSBO 
801 2 |a RU  |b 63413507  |c 20101124  |g RCR 
942 |c BK